000 01412cam a22003854a 4500
001 7369623
003 ARRUPE
005 20140910114233.0
008 081103s2009 enk b 001 0deng
010 _a 2008047958
020 _a9780826463777 (hb)
020 _a0826463770 (hb)
020 _a9780826433251 (pb)
020 _a0826433251 (pb)
024 _a40017074025
035 _a(OCoLC)ocn269455842
035 _a(OCoLC)269455842
035 _a(NNC)7369623
040 _aDLC
_cDLC
_dBTCTA
_dYDXCP
_dUKM
_dBWKUK
_dBWK
050 0 0 _aB317
_b.A39 2009
082 0 0 _a183/.2
_222
082 4 _a180
100 1 _aAhbel-Rappe, Sara,
_d1960-
_911179
245 1 0 _aSocrates :
_ba guide for the perplexed /
_cSara Ahbel-Rappe.
260 _aLondon ;
_aNew York :
_bContinuum,
_cc2009.
300 _aviii, 187 p. ;
_c23 cm.
490 1 _aGuides for the perplexed
504 _aIncludes bibliographical references and indexes.
505 0 _aSocrates : the man and the myth -- The life and death of Socrates -- The sources for Socrates -- Plato's Socrates -- Socratic method and epistemology -- Happiness and virtue -- The Socratic schools -- Socrates in the modern world -- Citizen Socrates -- Conclusion : Socrates and self-knowledge.
600 0 0 _aSocrates.
_911180
830 0 _aGuides for the perplexed.
_911161
942 _2lcc
_cMONOGRAPH
948 1 _a20091027
_bc
_chew2
_dMPS
999 _c120810
_d120810